000 00604cam a22002411 4500
001 sa 68013876
003 DLC
005 20260227112627.0
008 870921m19659999io 000 0 ind
010 _asa 68013876
015 _aPL 480: Indo-4507
035 _a(OCoLC)23544418
040 _aDLC
_cMiU
_dDLC
042 _apremarc
050 0 0 _aBP166.2
_b.A65
100 1 _aArifin, Bey.
245 1 0 _aMengenal Tuhan.
250 _aTjet. 2.
260 _aBandung,
_bU. H. Mansoor
_c[1965-
300 _av.
_c22 cm.
500 _aPidato²... melalui tjorong R. R. I. ..."
650 0 _aGod (Islam)
999 _c85417
_d85417